| 000 | 00000nam##2200000za#4500 |
| 001 | 9.590003 |
| 003 | CaOODSP |
| 005 | 20210624195922 |
| 007 | cr ||||||||||| |
| 008 | 150406|1993||||xxc|||||o f|0| 0 eng|d |
| 040 | |aCaOODSP|beng |
| 041 | |aeng |
| 041 | |afre |
| 043 | |an-cn--- |
| 086 | 1 |aFs97-4-2210-PDF |
| 110 | 1 |aCanada. |bDepartment of Fisheries and Oceans. |
| 245 | 10|aList of DFO-sponsored publications Science Branch, Gulf Region, 1982 – 1992 / |h[electronic resource]|ccompiled by Christa Bourque and Paulette Lévesque. |
| 250 | |aRevised edition |
| 260 | |aOttawa - Ontario : |bFisheries and Oceans Canada |c1993. |
| 300 | |a53p. |
| 490 | 1 |aCanadian manuscript report of fisheries and aquatic sciences|vNo. 2210 |
| 500 | |aOn t. p. : Gulf Fisheries Center, Moncton, N.B. The catalogue number and ISSN for the print edition appear in the PDF version. |
| 590 | |a14-09-Supp|b2014-04-23 |
| 720 | 1 |aBourque, Christa |
| 720 | 1 |aLévesque, Paulette |
| 792 | |tListe des publications subventionnées par le MPO - Direction des Sciences, Région du Golfe, 1982 – 1992 / |efre|w(CaOODSP)9.590004 |
| 830 | #0|aCanadian manuscript report of fisheries and aquatic sciences ;|vNo. 2210|w(CaOODSP)9.500265 |
| 856 | 40|ahttp://publications.gc.ca|qPDF|s858 KB|uhttps://publications.gc.ca/collections/collection_2014/mpo-dfo/Fs97-4-2210.pdf|yNo. 2210 |